000 01081 a2200241 4500
005 20080910145951.0
008 080910t xxu||||| |||| 00| 0 hin d
010 _aHIN-79489
020 _a8181661141
_c200.00
035 _aHN-51835
037 _bD.B.Act / pub
082 _a
100 _aचौबे, संतोष
245 _aप्रतिनिधि कहानियाँ
_cसंतोष चौबे
246 _aPratinidhi Kahaniyan
_bby Santosh Choubey
260 _aदिल्ली
_bमेधा बुक्स
_c2005
270 _aएक्स-11, नवीन शाहदरा
_bदिल्ली
_e110032
_k22323672
_mmedhabooks@rediffmail.com
300 _a175पृ
_c22 सेमी (सजिल्द)
650 _aहिन्दी कहानियाँ
650 _aHindi Stories
942 _adpl
_cHN
_kक / चौबेसं
_2ddc
_h
_mचौबेसं
999 _c2841
_d2841